• 首页
  • 本馆介绍
  • 公告通知
  • 最新文献
  • 馆藏检索
  • 电子资源
  • 读者导购
  • 参考咨询
  • 我的图书馆
  • 登录
  • 详细信息显示
  • 放入我的书架
  • 预约/预借图书
  • 作者相关作品
  • 分类相关作品
  • 丛书相关作品
  • 出版社相关作品

书目信息

  • 表格格式
  • 工作单格式
  • 卡片格式
题名:
森林报
    
 
作者: 比安基 著 ;韦苇 , 伍剑 译
分册:  
出版信息: 武汉   崇文书局  2020.1
页数: 258页
开本: 24cm
丛书名:
单 册:
中图分类: S7 , G624.22
科图分类:
主题词: 森林--少儿读物 , 教育--各级
电子资源:
ISBN: 978-7-5403-5230-1
000 01593nam0 2200289 45
001 012001002943
005 20210923112108.11
010    @a978-7-5403-5230-1@dCNY28.80
100    @a20200807d2020 ce y0chiy0110 ea
101 1  @achi@crus
102    @aCN@b420000
105    @aa z 000yy
106    @ar
200 1  @a森林报@Asen lin bao@f(苏)维·比安基著@g韦苇译@g伍剑评注
210    @a武汉@c崇文书局@d2020.1
215    @a258页@c彩图@d24cm
300    @a“快乐读书吧”系列 四年级必读
330    @a本选题根据部编版最新小学语文教材指定阅读书目精心选编,并适当增加适合学生阅读与理解的导读与读后感,丰富学生的阅读量,拓宽学生的知识面,培养学生对经典文学的兴趣,提高学生对经典文学的理解、积累,提升学生的整体语文素养。《森林报》是一部比故事书更精彩、比童话书更有趣的科普读物,部分内容被选定为小学语文教材必修课程。它采用报纸的形式,以春、夏、秋、冬四季12个月为顺序,用轻快的笔调真实生动地叙述了森林居民生活中的各种故事,表现出对大自然和生活的热爱之情。比安基的笔触轻松而幽默,蕴含着诗情画意和童心童趣。没有记录人类的忙碌喧嚣,也没有描绘城市的钢筋水泥,每个版面都在报道来自森林、田野、荒漠的居民的生活。在这份报纸里,可以听到斑鸫鸟春天的歌唱,看到候乌伟大的迁徙,闻到铃兰花迷人的芬芳,还能步入那一个个惊险、刺激的狩猎故事。
606 0  @a森林@j少儿读物
606 0  @a教育@x各级
690    @aS7@v5
690    @aG624.22@v3
701  0 @c(苏)@a比安基@Abi an ji@c(Бианки, Виталий Валентинович@f1894~1959)@4著
702  0 @a韦苇@Awei wei@f(1934~)@4译
702  0 @a伍剑@Awu jian@f(1958~)@4评注
801    @aCN@bAHXH@c20210922
905    @b1284750-4@dG624.22@e2126@f5
    
    森林报/(苏)维·比安基著/韦苇译/伍剑评注.-武汉:崇文书局,2020.1
    258页:彩图;24cm
    “快乐读书吧”系列 四年级必读
    
    ISBN 978-7-5403-5230-1:CNY28.80
    本选题根据部编版最新小学语文教材指定阅读书目精心选编,并适当增加适合学生阅读与理解的导读与读后感,丰富学生的阅读量,拓宽学生的知识面,培养学生对经典文学的兴趣,提高学生对经典文学的理解、积累,提升学生的整体语文素养。《森林报》是一部比故事书更精彩、比童话书更有趣的科普读物,部分内容被选定为小学语文教材必修课程。它采用报纸的形式,以春、夏、秋、冬四季12个月为顺序,用轻快的笔调真实生动地叙述了森林居民生活中的各种故事,表现出对大自然和生活的热爱之情。比安基的笔触轻松而幽默,蕴含着诗情画意和童心童趣。没有记录人类的忙碌喧嚣,也没有描绘城市的钢筋水泥,每个版面都在报道来自森林、田野、荒漠的居民的生活。在这份报纸里,可以听到斑鸫鸟春天的歌唱,看到候乌伟大的迁徙,闻到铃兰花迷人的芬芳,还能步入那一个个惊险、刺激的狩猎故事。
●
相关链接 在E读中查询图书 在五车中查询图书 在当当中查询图书 在豆瓣中查询图书


正题名:森林报     索取号:G624.22/2126         预约/预借

序号 登录号 条形码 馆藏地/架位号 状态 备注
1 1284750   212847507   第一样本阅览室/ [索取号:G624.22/2126] 在馆    
2 1284751   212847516   教育系资料室/ [索取号:G624.22/2126] 在馆    
3 1284752   212847525   教育系资料室/ [索取号:G624.22/2126] 在馆    
4 1284753   212847534   第四借阅区/ [索取号:G624.22/2126] 在馆    
5 1284754   212847543   第四借阅区/ [索取号:G624.22/2126] 在馆    
唐山师范学院图书馆 欢迎您!
大连网信软件有限公司© 版权所有